How to pray for your children / (Record no. 2797)
[ view plain ]
| 000 -LEADER | |
|---|---|
| fixed length control field | 01065cam a2200337Ja 4500 |
| 001 - CONTROL NUMBER | |
| control field | 215804 |
| 003 - CONTROL NUMBER IDENTIFIER | |
| control field | GBCCL |
| 005 - DATE AND TIME OF LATEST TRANSACTION | |
| control field | 20241126110440.0 |
| 008 - FIXED-LENGTH DATA ELEMENTS--GENERAL INFORMATION | |
| fixed length control field | 980514s1998 cau b 000 0 eng |
| 010 ## - | |
| -- | 98020748 |
| 020 ## - INTERNATIONAL STANDARD BOOK NUMBER | |
| International Standard Book Number | 0830722017 (trade paper) |
| 020 ## - INTERNATIONAL STANDARD BOOK NUMBER | |
| International Standard Book Number | 9780830722013 (trade paper) |
| 035 ## - SYSTEM CONTROL NUMBER | |
| System control number | (OCoLC)ocm39162261 |
| 035 ## - SYSTEM CONTROL NUMBER | |
| System control number | (OCoLC)39162261 |
| 040 ## - CATALOGING SOURCE | |
| Original cataloging agency | DLC |
| Transcribing agency | DLC |
| Modifying agency | BAKER |
| -- | BTCTA |
| -- | LBB |
| 049 ## - | |
| -- | LBBk |
| 050 00 - | |
| -- | BV210.2 |
| -- | .S5145 1998 |
| 082 00 - DEWEY DECIMAL CLASSIFICATION NUMBER | |
| Classification number | 248.32 |
| Edition information | 21 |
| Item number | SHE |
| 090 ## - LOCALLY ASSIGNED LC-TYPE CALL NUMBER (OCLC); LOCAL CALL NUMBER (RLIN) | |
| Classification number (OCLC) (R) ; Classification number, CALL (RLIN) (NR) | BV210.2 |
| Local cutter number (OCLC) ; Book number/undivided call number, CALL (RLIN) | .S5145 1998 |
| 100 1# - MAIN ENTRY--PERSONAL NAME | |
| Personal name | Sherrer, Quin. |
| 9 (RLIN) | 5744 |
| 245 10 - TITLE STATEMENT | |
| Title | How to pray for your children / |
| Statement of responsibility, etc. | Quin Sherrer with Ruthanne Garlock. |
| 260 ## - PUBLICATION, DISTRIBUTION, ETC. | |
| Place of publication, distribution, etc. | Ventura, Calif. : |
| Name of publisher, distributor, etc. | Regal Books, |
| Date of publication, distribution, etc. | 1998. |
| 300 ## - PHYSICAL DESCRIPTION | |
| Extent | 244 p. / |
| Dimensions | 24 cm. |
| 504 ## - BIBLIOGRAPHY, ETC. NOTE | |
| Bibliography, etc. note | Includes bibliographical references. |
| 520 ## - SUMMARY, ETC. | |
| Summary, etc. | Christian Library of Lancaster Collection. |
| 650 #0 - SUBJECT ADDED ENTRY--TOPICAL TERM | |
| Topical term or geographic name entry element | Intercessory prayer |
| General subdivision | Christianity. |
| 9 (RLIN) | 4392 |
| 650 #0 - SUBJECT ADDED ENTRY--TOPICAL TERM | |
| Topical term or geographic name entry element | Parents |
| General subdivision | Religious life. |
| 9 (RLIN) | 5745 |
| 650 #0 - SUBJECT ADDED ENTRY--TOPICAL TERM | |
| Topical term or geographic name entry element | Mothers |
| General subdivision | Religious life. |
| 9 (RLIN) | 5894 |
| 700 1# - ADDED ENTRY--PERSONAL NAME | |
| Personal name | Garlock, Ruthanne. |
| 9 (RLIN) | 5746 |
| 942 ## - ADDED ENTRY ELEMENTS (KOHA) | |
| Source of classification or shelving scheme | Dewey Decimal Classification |
| Koha item type | Books |
| Koha issues (borrowed), all copies | 2 |
| Withdrawn status | Lost status | Source of classification or shelving scheme | Damaged status | Not for loan | Home library | Current Library | Shelving location | Date acquired | Total checkouts | Full call number | Barcode | Date last seen | Date last checked out | Copy number | Price effective from | Koha item type |
|---|---|---|---|---|---|---|---|---|---|---|---|---|---|---|---|---|
| Dewey Decimal Classification | GRACE BIBLE COLLEGE | GRACE BIBLE COLLEGE | Ministry & Mission | 2017-09-20 | 1 | 248.32 SHE | 011041 | 2025-05-01 | 2018-09-20 | c.1 | 2017-09-20 | Books | ||||
| Dewey Decimal Classification | GRACE BIBLE COLLEGE | GRACE BIBLE COLLEGE | Ministry & Mission | 2017-09-21 | 1 | 248.32 SHE | 011042 | 2025-05-01 | 2023-09-07 | c.2 | 2017-09-21 | Books | ||||
| Dewey Decimal Classification | GRACE BIBLE COLLEGE | GRACE BIBLE COLLEGE | Ministry & Mission | 2017-09-21 | 248.32 SHE | 011043 | 2025-05-01 | c.3 | 2017-09-21 | Books | ||||||
| Dewey Decimal Classification | GRACE BIBLE COLLEGE | GRACE BIBLE COLLEGE | Ministry & Mission | 2017-09-21 | 248.32 SHE | 011044 | 2025-05-01 | c.4 | 2017-09-21 | Books | ||||||
| Dewey Decimal Classification | GRACE BIBLE COLLEGE | GRACE BIBLE COLLEGE | Ministry & Mission | 2017-09-21 | 248.32 SHE | 011045 | 2025-05-01 | c.5 | 2017-09-21 | Books | ||||||
| Dewey Decimal Classification | GRACE BIBLE COLLEGE | GRACE BIBLE COLLEGE | Ministry & Mission | 2017-09-21 | 248.32 SHE | 011046 | 2025-05-01 | c.6 | 2017-09-21 | Books |